01206nam a22002777a 4500999001700000005001700017010002700034020002600061035002400087037001300111082001700124100001900141245006000160260007500220270007000295300002500365500006700390610002400457650003500481650002400516650005700540710002800597942003100625952013200656952014000788 c92547d9254720230704114620.0 aENG-112520 ENG-137264 a9789381904398c720.00 aEN-96052 EN-120796 bDBAD/PUB a324.25692082 aAlagha, Joseph00aHizbullah's DNA and the Arab spring /cby Joseph Alaghe aNew DelhibKW Publishers in association with Calcutta Universityc2013 a4676/21, First Floor, Ansari Road, Daryaganj, bNew Delhie110002 axxix,370p.c24cm(Hb) aIncludes bibliographical references (pages 285-299) and index. aHizballah (Lebanon) a Islam and politics zLebanon. a Arab Spring, 2010- a Palestinian Arabs xPolitics and government y1993- aUniversity of Calcutta. 2ddccENmALAh324.25692082 001040718NFICaDBADbDBADd2015-03-26eDBAD/PUBg1395.00l0o324.25692082 ALApEN-96052r2015-03-26 00:00:00t1v1395.00yEN 001040708NFICaDBADbMd2023-07-04eDBAD/PUBg720.00l0o324.25692082 ALApEN-120796r2023-07-04 00:00:00t1v720.00w2023-07-04yEN